000 02205nam a22003497a 4500
003 DO-SdBNP
005 20220712125021.0
008 171020b2006 dr|| 00| 0 spa d
020 _a9945160664
040 _aBPMSU
_bspa
_cBPMSU
082 _a928.617293
_bM843L 2006
_222
100 1 _aLantigua, José Rafael
245 1 _aDomingo Moreno Jimenes :
_bbiografía de un poeta /
_cJosé Rafael Lantigua ; edición Avelino Stanley ; prólogo Julio Jaime Julia
250 _a5a ed.
260 _aSanto Domingo :
_bBúho ;
_c2006.
300 _a234 p. :
_c23 cm.
500 _aIncluye datos biográficos del autor en las solapas
500 _aPublicación conmemorativa del 30 aniversario de la primera edición
500 _aIncluye ídice
500 _aIncluye referencias bibliográficas y notas al pie de las páginas
504 _aBibliografías : p. 227-228
505 0 _aPrólogo / Julio Jaime Julio -- Proemio -- Sus padres y primeros años ; Primer poema -- La historia ; Primeros libros," Pan de maíz" y Jimenes -- Libertador ; Labor en "letras" ; Bosch, Moreno y los "romances" ; Balaguer ; La Cueva , Gabriela Mistral y otros poetas ; Literatura de mañana -- Pontífice de la Colina Sacra ; Postumismo: cárcel o camino -- Trotamundos ; Viaje pintoresco y libros ; Registro óptico, Colina de Santiago, libros -- Colina de Asomante y "Día estético" ; Visita a Puerto Rico: los integralistas ; Trujillo y el Instituto de la Poesía ; Los triálogos ; La Poesía Sorprendida ; El poema de La hija reintegrada -- El caso Manuel Rueda ; Postumismo, Modernismo y Vedrinismo ; El acento dominicano ; Resumen de un apostolado ; Poetas preferidos y labor educativa ; Firmeza en el ideal: Dios y América -- Héctor Incháustegui Cabral y "Rosa, el poema del amor antillano" ; Manuel del Cabral ; Horia Tanasescu ; Bibliografía -- Índice onomástico.
590 _6Inventariado, 2021
600 1 4 _aMoreno Jimenes Domingo
_d,1894-1936
_xCrítica e interpretación
650 4 _aLiteratura dominicana
650 4 _aPoesía dominicana
650 4 _aPoetas dominicanos
700 1 _aStanley, Avelino,
_eed.
700 1 _aJulia, Julio Jaime,
_epról.
910 _aVMateo
942 _2ddc
_cBK
999 _c12655
_d12655